000 00740nam a22002417a 4500
005 20170124110048.0
010 _aA-610637
020 _c00.00
_a8171545556
035 _aA-610637
037 _bCen Lib/Ret
040 _aDPL
_bEN
082 _a780.92
_bDEO
100 _aDeodhar, B.R.
_9102051
245 _aPillars of hindusthani music /
_cby B.R. Deodhar; translated by Ram Deskmukh
260 _aBombay
_bPopular Prakashan
_c1993
270 _a 35-C, Pandit Madan Mohan Malviya Marg, Tardeo
_bBombay
_e400034
300 _axv,303p.
_c22cm(Hb)
500 _aincludes index.
650 _aHindustani music
_9102052
650 _aMusic
_94778
700 _aDeodhar, B.R.
_9102053
942 _2ddc
_cEN
_h780.92
_mDEO
999 _c128929
_d128929